00933nam a2200265 i 450000100060000000300090000600500170001500700030003200800410003502000180007608000150009408000200010924502370012926000320036630000220039849000540042050000150047465000420048970000210053170000170055271000110056971000120058083000540059285200210064633415ES-MaACL20250729045643.0t|030202s1982 fr b 00110 spa d a92-3-302072-X a016:3(038) a016:025.43/47:300aBibliografía de vocabularios, tesauros, encabezamientos de materia y esquemas de clasificación de ciencias sociales (mono y plurilingües) / cpreparado por la Biblioteca Aslib en colaboración con Jean Aitchison y C.G. Allen. aParís : bUnesco, c1982. a100 p. ; c30 cm.1 aInformes y documentos de ciencias sociales ; v54 aÍndices. 7aCiencias sociales-vBibliografías21 aAitchison, Jean.1 aAllen, C. G.2 aAslib.2 aUnesco.1 aInformes y documentos de ciencias sociales ; v54 aES-MaACLjL-8482